[Event "Moscow op (Women) 16th"]
[Site "Moscow"]
[Date "2020.02.02"]
[Round "9"]
[White "Shevtsova, Darya"]
[Black "Petrova, Irina"]
[Result "0-1"]
[WhiteElo "1484"]
[BlackElo "2109"]
[PlyCount "56"]
[EventDate "2020.01.25"]
[EventType "swiss"]
[EventRounds "9"]
[EventCountry "RUS"]
[SourceTitle "CBM 194 Extra"]
[Source "ChessBase"]
[SourceDate "2020.03.31"]
[SourceVersion "1"]
[SourceVersionDate "2020.03.31"]
[SourceQuality "1"]

1. d4 d6 2. c4 e5 3. Nc3 exd4 4. Qxd4 Nc6 5. Qd2 Nf6 6. b3 a5 7. Bb2 a4 8. Nxa4 d5 9. Qe3+ Be6 10. Nc5 Ng4 11. Nxe6 Nxe3 12. fxe3 fxe6 13. cxd5 Bb4+ 14. Kf2 0-0+ 15. Nf3 Qxd5 16. g3 e5 17. e4 Qxe4 18. Bg2 Qc2 19. Bc1 e4 20. Bf4 exf3 21. Bxf3 Rxf4 22. gxf4 Bc5+ 23. Kg2 Qg6+ 24. Kf1 Qf6 25. Rc1 Bb6 26. Rc4 Rxa2 27. h3 Ra1+ 28. Kg2 Qg6+ 0-1

[Event "Moscow op (Women) 16th"]
[Site "Moscow"]
[Date "2020.01.26"]
[Round "2"]
[White "Shevtsova, Darya"]
[Black "Loskutova, Viktoriya"]
[Result "0-1"]
[WhiteElo "1484"]
[BlackElo "2117"]
[PlyCount "78"]
[EventDate "2020.01.25"]
[EventType "swiss"]
[EventRounds "9"]
[EventCountry "RUS"]
[SourceTitle "CBM 194 Extra"]
[Source "ChessBase"]
[SourceDate "2020.03.31"]
[SourceVersion "1"]
[SourceVersionDate "2020.03.31"]
[SourceQuality "1"]

1. d4 Nf6 2. c4 e6 3. Nf3 d5 4. g3 dxc4 5. Bg2 a6 6. a4 Nc6 7. 0-0 Be7 8. e3 Nd5 9. Qe2 Na5 10. Bd2 c5 11. dxc5 Nb3 12. Ra2 Nxd2 13. Qxd2 Qc7 14. Na3 c3 15. bxc3 Qxc5 16. Rc1 0-0 17. Ne5 Rd8 18. Qd4 Qc7 19. Raa1 Bc5 20. Qh4 Be7 21. Qd4 Nb6 22. Qf4 Bd6 23. Rd1 f6 24. Rxd6 Qxd6 25. Nec4 Qxf4 26. gxf4 Nxa4 27. Na5 Nxc3 28. Nxb7 Bxb7 29. Bxb7 Ra7 30. Bf3 Rb8 31. Rc1 Rb3 32. Nc4 Rc7 33. Na5 Ne2+ 34. Bxe2 Rxc1+ 35. Kg2 Rb2 36. Bd3 Rc5 37. Nc4 Rb4 38. Na3 Rb3 39. Bc4 Rxa3 0-1

[Event "Wch-ch U12 Girls rapid"]
[Site "Minsk"]
[Date "2019.08.17"]
[Round "9"]
[White "Vu, My Linh"]
[Black "Shevtsova, Darya"]
[Result "0-1"]
[WhiteElo "1356"]
[BlackElo "1558"]
[PlyCount "202"]
[EventDate "2019.08.16"]
[EventType "swiss (rapid)"]
[EventRounds "9"]
[EventCountry "BLR"]
[SourceTitle "EXT 2020"]
[Source "ChessBase"]
[SourceDate "2019.10.17"]
[SourceVersion "1"]
[SourceVersionDate "2019.10.17"]
[SourceQuality "1"]

1. d4 d5 2. c4 c6 3. Nf3 Nf6 4. Nc3 dxc4 5. a4 Bf5 6. e3 e6 7. Bxc4 Bb4 8. 0-0 0-0 9. h3 Nbd7 10. Nh4 Bg6 11. Nxg6 hxg6 12. Qb3 Qb6 13. Na2 Bd6 14. Qc2 Rac8 15. Nc3 Qa5 16. Bd2 Qh5 17. Be2 Qh4 18. Bf3 g5 19. Ne4 Bc7 20. Rfd1 g4 21. hxg4 Nxg4 22. Bxg4 Qxg4 23. Qd3 Qh4 24. g3 Qg4 25. Bb4 Rfd8 26. Bd6 f5 27. Nc5 Bxd6 28. Nxb7 Bxg3 29. Nxd8 Bh4+ 30. Kf1 Rxd8 31. Qc4 Kf7 32. Qxc6 Nf6 33. Rac1 f4 34. Qc7+ Rd7 35. Qxf4 Qxf4 36. exf4 Nd5 37. Kg2 Nxf4+ 38. Kf3 Bg5 39. Rc6 Nd5 40. Rc5 Bf6 41. Ke4 Nb6 42. a5 Nd5 43. Rd3 Nb4 44. Rd1 Na6 45. Rc6 Nb4 46. Rc4 Nd5 47. b4 Be7 48. b5 Bb4 49. Ra1 Bc3 50. Ra3 Bb4 51. Ra1 Bd6 52. Rb1 Rb7 53. Rc6 Ke7 54. b6 axb6 55. axb6 Kd7 56. Rc2 Rxb6 57. Rxb6 Nxb6 58. f4 Nd5 59. Rg2 Nxf4 60. Rxg7+ Kc6 61. Ra7 Nd5 62. Ra6+ Kd7 63. Ra7+ Nc7 64. Kd3 Kc6 65. Kc4 Bf4 66. Ra1 Kd6 67. Rf1 Bg3 68. Rf3 Bh2 69. Rh3 Bg1 70. Rh6 Nd5 71. Rh8 Ne3+ 72. Kd3 Nf5 73. Rd8+ Ke7 74. Rg8 Bxd4 75. Rg5 Bf6 76. Rg2 Kd6 77. Ke4 Nd4 78. Rd2 e5 79. Rf2 Bg5 80. Rg2 Bf4 81. Rg4 Ne6 82. Rg6 Ke7 83. Kf5 Nd4+ 84. Ke4 Kf7 85. Rg4 Ne6 86. Kf5 Ke7 87. Rg6 Nd4+ 88. Ke4 Kf7 89. Rg4 Bh2 90. Rh4 Bg3 91. Rh3 Bf4 92. Rh1 Ke6 93. Rf1 Ne2 94. Rf2 Ng3+ 95. Kf3 Kf5 96. Rg2 e4+ 97. Kf2 e3+ 98. Kf3 Ne4 99. Re2 Nd2+ 100. Kg2 Ke4 101. Kg1 Nf3+ 0-1

[Event "Dvorkovich Memorial op"]
[Site "Taganrog"]
[Date "2019.01.11"]
[Round "2"]
[White "Shevtsova, Darya"]
[Black "Tyurin, Artem"]
[Result "0-1"]
[WhiteElo "1552"]
[BlackElo "1974"]
[PlyCount "158"]
[EventDate "2019.01.10"]
[EventType "swiss"]
[EventRounds "9"]
[EventCountry "RUS"]
[SourceTitle "CBM 188 Extra"]
[Source "ChessBase"]
[SourceDate "2019.02.26"]
[SourceVersion "1"]
[SourceVersionDate "2019.02.26"]
[SourceQuality "1"]

1. d4 Nf6 2. c4 e6 3. Nf3 d5 4. g3 Bb4+ 5. Bd2 a5 6. Bg2 0-0 7. 0-0 c6 8. a3 Bxd2 9. Nbxd2 a4 10. Qc2 Nbd7 11. e4 dxe4 12. Nxe4 Nxe4 13. Qxe4 Qc7 14. Rfe1 Nf6 15. Qe5 Qb6 16. Re2 Ra5 17. Qd6 Rd8 18. Qb4 Qc7 19. Re5 Ra8 20. Rd1 b6 21. Ree1 Bb7 22. Qc3 Qd6 23. Ne5 Nd7 24. c5 bxc5 25. dxc5 Qc7 26. Rd6 Nxe5 27. Qxe5 Rxd6 28. Qxd6 Qxd6 29. cxd6 Rd8 30. Rd1 e5 31. Be4 Kf8 32. Bc2 Ra8 33. d7 Ke7 34. Bxa4 Rd8 35. Kf1 Rxd7 36. Rxd7+ Kxd7 37. Ke2 Kd6 38. Kd3 f5 39. b4 g5 40. Bb3 h5 41. Bf7 h4 42. gxh4 gxh4 43. Bg6 f4 44. Be4 Ba6+ 45. Kc3 Bb5 46. Kb3 c5 47. bxc5+ Kxc5 48. Kc3 Ba4 49. Bf3 Bd7 50. Be4 Be8 51. f3 Bb5 52. Ba8 Be2 53. Kd2 Bf1 54. Kc3 Kb5 55. Be4 Ka4 56. Bd3 Bg2 57. Be4 Bf1 58. Bd3 Bg2 59. Be4 Kb5 60. Bd3+ Kc5 61. Be4 Bh3 62. Kb3 Be6+ 63. Kc3 Kb5 64. Bb7 Bf5 65. Bd5 h3 66. Bb7 Ka4 67. Kc4 Ka5 68. Kc3 Ka4 69. Kc4 Ka5 70. Kc3 Kb5 71. Bd5 Ka4 72. Bc6+ Ka5 73. Be4 Bxe4 74. fxe4 Ka4 75. Kd3 Kxa3 76. Ke2 Kb3 77. Kf3 Kc3 78. Kg4 Kd2 79. Kxh3 f3 0-1

[Event "Dvorkovich Memorial op"]
[Site "Taganrog"]
[Date "2018.01.19"]
[Round "5"]
[White "Kosyrev, Nikita"]
[Black "Shevtsova, Darya"]
[Result "1-0"]
[WhiteElo "1837"]
[BlackElo "1410"]
[PlyCount "120"]
[EventDate "2018.01.15"]
[EventType "swiss"]
[EventRounds "9"]
[EventCountry "RUS"]
[SourceTitle "CBM 182 Extra"]
[Source "ChessBase"]
[SourceDate "2018.02.23"]
[SourceVersion "1"]
[SourceVersionDate "2018.02.23"]
[SourceQuality "1"]

1. c4 Nf6 2. Nf3 g6 3. g3 Bg7 4. Bg2 0-0 5. Nc3 d6 6. 0-0 c5 7. d3 Nc6 8. e4 Rb8 9. Rb1 a6 10. h3 b5 11. Be3 Nd7 12. Qd2 Nde5 13. Nxe5 Nxe5 14. Qe2 Bd7 15. f4 Nc6 16. Qd2 Nd4 17. Kh2 e6 18. Ne2 Nc6 19. b3 Qa5 20. Qxa5 Nxa5 21. e5 dxe5 22. Bxc5 Rfd8 23. Bd6 Rbc8 24. fxe5 Bc6 25. Nd4 Bxg2 26. Kxg2 b4 27. Nf3 Nb7 28. Bxb4 Rxd3 29. Rfd1 Rcd8 30. Rxd3 Rxd3 31. Kf2 a5 32. Bd2 Bf8 33. Ke2 Rd7 34. Bc3 Nc5 35. Rd1 Rxd1 36. Kxd1 a4 37. Kc2 axb3+ 38. axb3 Ne4 39. Be1 Kg7 40. b4 f5 41. exf6+ Kxf6 42. Kd3 Kf5 43. g4+ Kf4 44. Nd4 Be7 45. Nxe6+ Kf3 46. Nd4+ Kf4 47. c5 Nf6 48. Nc6 Bf8 49. Nd8 Be7 50. Ne6+ Kf3 51. c6 Ne8 52. b5 Bd6 53. b6 Kg2 54. h4 Kf3 55. g5 Kg4 56. b7 Bb8 57. Ba5 Kxh4 58. c7 Nxc7 59. Bxc7 Ba7 60. Nd8 Kxg5 1-0

[Event "Dvorkovich Memorial op"]
[Site "Taganrog"]
[Date "2017.01.20"]
[Round "8"]
[White "Shevtsova, Darya"]
[Black "Bashev, Fyodor"]
[Result "0-1"]
[WhiteElo "1454"]
[BlackElo "1628"]
[PlyCount "95"]
[EventDate "2017.01.13"]
[EventType "swiss"]
[EventRounds "9"]
[EventCountry "RUS"]
[SourceTitle "CBM 176 Extra"]
[Source "ChessBase"]
[SourceDate "2017.03.02"]
[SourceVersion "1"]
[SourceVersionDate "2017.03.02"]
[SourceQuality "1"]

1. d4 Nf6 2. Bf4 g6 3. Nf3 Bg7 4. e3 0-0 5. h3 d6 6. Bd3 c5 7. c3 b6 8. 0-0 Bb7 9. Nbd2 Nbd7 10. a3 Re8 11. Bh2 e5 12. Be2 Qe7 13. Nc4 Ne4 14. Re1 f6 15. Nfd2 Nxd2 16. Qxd2 d5 17. Bf3 Nf8 18. dxc5 dxc4 19. c6 Rad8 20. Bd5+ Kh8 21. cxb7 Qxb7 22. Bxb7 Rxd2 23. Rab1 b5 24. Red1 Red8 25. Rxd2 Rxd2 26. Kf1 Rd6 27. Ke2 Ne6 28. Rd1 Bf8 29. Rxd6 Bxd6 30. Bc6 a6 31. f3 Nc5 32. Bd5 Kg7 33. Bg1 e4 34. Bxe4 Nxe4 35. fxe4 Kf7 36. Kf3 Ke6 37. Bf2 h5 38. Bg3 Bxg3 39. Kxg3 h4+ 40. Kxh4 Ke5 41. Kg3 Kxe4 42. Kg4 Kxe3 43. h4 Ke4 44. g3 Ke3 45. h5 gxh5+ 46. Kxh5 Kf3 47. Kg6 Kxg3 48. Kxf6 0-1

[Event "Dvorkovich Memorial op"]
[Site "Taganrog"]
[Date "2017.01.18"]
[Round "6"]
[White "Morozov, Boris Nikolaevich"]
[Black "Shevtsova, Darya"]
[Result "1-0"]
[WhiteElo "1706"]
[BlackElo "1454"]
[PlyCount "73"]
[EventDate "2017.01.13"]
[EventType "swiss"]
[EventRounds "9"]
[EventCountry "RUS"]
[SourceTitle "CBM 176 Extra"]
[Source "ChessBase"]
[SourceDate "2017.03.02"]
[SourceVersion "1"]
[SourceVersionDate "2017.03.02"]
[SourceQuality "1"]

1. e4 e6 2. d4 d5 3. Nc3 Bb4 4. e5 c5 5. Bd2 a6 6. dxc5 Bxc5 7. Qg4 Ne7 8. Bd3 Ng6 9. Na4 Ba7 10. Qe2 Bd7 11. Nc3 Nc6 12. f4 Nd4 13. Qf1 0-0 14. Nf3 Rc8 15. Nxd4 Bxd4 16. h4 Ne7 17. g4 f6 18. Bxh7+ Kh8 19. exf6 Bxf6 20. Bd3 Kg8 21. h5 e5 22. fxe5 Bh4+ 23. Rxh4 Rxf1+ 24. Bxf1 Nc6 25. g5 Nxe5 26. Bg2 Nc4 27. Bxd5+ Kh8 28. Bxc4 Qc7 29. 0-0-0 b5 30. Bd3 a5 31. h6 Qc5 32. hxg7+ Kxg7 33. Rh7+ Kg8 34. Rxd7 b4 35. Ne4 Qc6 36. Nf6+ Kf8 37. Bf4 1-0